[Event "LTU B18"]
[Site "Vilnius"]
[Date "2019.02.19"]
[Round "6.1"]
[White "Pultinevicius, Paulius"]
[Black "Koliasnikovas, Aironas"]
[Result "1-0"]
[WhiteElo "2434"]
[BlackElo "1834"]
[PlyCount "95"]
[EventDate "2019.02.15"]

1. d4 d5 2. c4 c6 3. Nc3 e5 4. cxd5 cxd5 5. dxe5 d4 6. Ne4 Qa5+ 7. Bd2 Qxe5 8.
Ng3 Qd6 9. Nf3 Nc6 10. a3 Be7 11. e4 dxe3 12. Bxe3 Bg4 13. Be2 Nf6 14. Qa4 O-O
15. O-O Rfd8 16. Rac1 h6 17. Bf4 Qd7 18. Rfd1 Qe8 19. Re1 a6 20. Qb3 Na5 21.
Qa2 Be6 22. Qb1 Nd5 23. Be5 Nc6 24. Bd3 Nxe5 25. Nxe5 Rac8 26. Rxc8 Rxc8 27.
Bh7+ Kh8 28. Bf5 Nc7 29. Ng6+ Kg8 30. Nf4 Qd7 31. Nxe6 Nxe6 32. Bxe6 fxe6 33.
Ne4 Qc6 34. Qd3 Qd5 35. Qe2 Rc6 36. g3 Qb3 37. Rd1 Rc2 38. Qg4 Rc6 39. Rd7 Kf8
40. Kg2 a5 41. Qf4+ Ke8 42. Rd2 Qb5 43. Qb8+ Kf7 44. Rd7 Qxb2 45. Nd6+ Kf6 46.
Qe8 Qxa3 47. Qxe7+ Ke5 48. Nf7+ 1-0

[Event "LTU B18"]
[Site "Vilnius"]
[Date "2019.02.19"]
[Round "6.2"]
[White "Vardanyan, Aras"]
[Black "Sarauskas, Andrius"]
[Result "1-0"]
[WhiteElo "1884"]
[BlackElo "1747"]
[PlyCount "45"]
[EventDate "2019.02.15"]

1. d4 Nf6 2. c4 g6 3. f3 Bg7 4. e4 d6 5. Ne2 O-O 6. Be3 Nbd7 7. Nec3 c5 8. d5
a6 9. Nd2 Ne5 10. Be2 e6 11. a4 exd5 12. cxd5 b6 13. O-O Rb8 14. h3 Qe7 15. Qc2
Nh5 16. f4 Ng3 17. fxe5 Nxf1 18. Rxf1 Qxe5 19. Nc4 Qe7 20. Bf4 Rd8 21. Kh1 h5
22. Qd2 Bd4 23. e5 1-0

[Event "LTU B18"]
[Site "Vilnius"]
[Date "2019.02.19"]
[Round "6.3"]
[White "Dailidenas, Justas"]
[Black "Dadurka, Povilas"]
[Result "1-0"]
[WhiteElo "1600"]
[BlackElo "1409"]
[PlyCount "111"]
[EventDate "2019.02.15"]

1. d4 Nf6 2. c4 g6 3. Nc3 Bg7 4. e4 d6 5. h3 Nbd7 6. Bd3 e5 7. d5 O-O 8. Bg5 h6
9. Be3 a5 10. Qd2 Nc5 11. Bc2 Kh7 12. Nf3 Ng8 13. g4 Bd7 14. Rd1 b6 15. b3 Na6
16. a3 Nc5 17. Ke2 Qe8 18. a4 Na6 19. Nb5 Bxb5 20. cxb5 Nc5 21. Bxc5 bxc5 22.
Qe3 Qd7 23. Nd2 Ra7 24. Nc4 Rfa8 25. Rdf1 g5 26. Qg3 Ne7 27. h4 f6 28. Rh2 Rh8
29. hxg5 fxg5 30. Ke1 Ng6 31. Bd1 Rf8 32. Qc3 Rfa8 33. Rfh1 Nh4 34. b6 Rb7 35.
Nxa5 Rxb6 36. Nc6 Rxc6 37. dxc6 Qxc6 38. Bc2 Rf8 39. Rh3 Qd7 40. Rg3 Qf7 41.
Qe3 Nf3+ 42. Kf1 Nd4 43. Bd1 c4 44. Rh2 cxb3 45. Bxb3 Qf6 46. Bd1 Qf4 47. Qxf4
exf4 48. Ra3 Ra8 49. f3 Ra5 50. Kf2 Nb5 51. Rd3 Nc3 52. Bc2 Rc5 53. Ke1 Nb1 54.
Bxb1 Rc1+ 55. Rd1 Bc3+ 56. Ke2 1-0

[Event "LTU B18"]
[Site "Vilnius"]
[Date "2019.02.19"]
[Round "6.4"]
[White "Vaskevicius, Augustas"]
[Black "Pilipuitis, Mantas"]
[Result "1/2-1/2"]
[WhiteElo "1935"]
[BlackElo "1825"]
[PlyCount "31"]
[EventDate "2019.02.15"]

1. d4 Nf6 2. c4 g6 3. Nc3 d5 4. cxd5 Nxd5 5. g3 Bg7 6. Bg2 Nxc3 7. bxc3 O-O 8.
Nf3 c5 9. O-O Nc6 10. e3 Bf5 11. Qe2 cxd4 12. cxd4 e5 13. Bb2 exd4 14. Nxd4
Nxd4 15. Bxd4 Bxd4 16. exd4 1/2-1/2

[Event "LTU B18"]
[Site "Vilnius"]
[Date "2019.02.19"]
[Round "6.5"]
[White "Vasiliauskas, Domas"]
[Black "Kurmis, Ernestas"]
[Result "1-0"]
[WhiteElo "1739"]
[BlackElo "1508"]
[PlyCount "85"]
[EventDate "2019.02.15"]

1. Nf3 d5 2. g3 c6 3. Bg2 Nf6 4. O-O e6 5. d3 Bd6 6. Nc3 O-O 7. e4 dxe4 8. dxe4
Bc7 9. Qe2 Qe7 10. e5 Nd5 11. Ne4 h6 12. c4 Nb6 13. Bf4 N8d7 14. h4 Qb4 15. b3
a5 16. Qe3 f5 17. exf6 Bxf4 18. Qxf4 Nxf6 19. Nxf6+ Rxf6 20. Qd4 a4 21. a3 Qa5
22. b4 Qa7 23. Ne5 Nd7 24. c5 Nxe5 25. Qxe5 Qb8 26. Qxb8 Rxb8 27. Rad1 Rf8 28.
Rfe1 Kf7 29. Bh3 Ke7 30. Rd6 Rf6 31. Bg4 g6 32. h5 gxh5 33. Bxh5 Bd7 34. Kg2
Rbf8 35. f4 Bc8 36. Bd1 Rg8 37. Rd4 Bd7 38. Re3 Rf5 39. Bxa4 Rd5 40. Rdd3 Rf5
41. Kf3 Rh5 42. Bb3 Rh1 43. Rxd7+ 1-0

[Event "LTU B18"]
[Site "Vilnius"]
[Date "2019.02.20"]
[Round "7.1"]
[White "Dailidenas, Justas"]
[Black "Pultinevicius, Paulius"]
[Result "0-1"]
[WhiteElo "1600"]
[BlackElo "2434"]
[PlyCount "176"]
[EventDate "2019.02.15"]

1. e4 e5 2. Nf3 Nc6 3. Bb5 a6 4. Bxc6 dxc6 5. O-O Qf6 6. d4 exd4 7. Qxd4 Bg4 8.
Rd1 Qxd4 9. Rxd4 Bc5 10. Rd3 Nf6 11. Nbd2 O-O 12. b3 Rfe8 13. Kf1 Nxe4 14. Nxe4
Rxe4 15. Be3 Bxe3 16. Rxe3 Rxe3 17. fxe3 Rd8 18. Ke2 c5 19. Rd1 Rxd1 20. Kxd1
Bxf3+ 21. gxf3 f5 22. f4 Kf7 23. Ke2 Kg6 24. Kf3 Kh5 25. Kg3 h6 26. h4 Kg6 27.
c4 Kf6 28. Kf3 Ke6 29. h5 Kd6 30. Kg3 Kd7 31. Kf3 Ke7 32. Kg3 Kf6 33. Kf3 Kf7
34. Kg3 Ke7 35. Kf3 Kd6 36. Kg3 Kc6 37. Kf3 Kd7 38. Kg3 c6 39. Kf3 Kd6 40. Kg3
Kc7 41. Kf3 Kd6 42. Kg3 Kd7 43. Kf3 b5 44. Kg3 bxc4 45. bxc4 Kc7 46. Kf3 Kb6
47. e4 fxe4+ 48. Kxe4 Ka5 49. Kf5 Kb4 50. Kg6 Kxc4 51. Kxg7 Kb5 52. f5 c4 53.
f6 c3 54. f7 c2 55. f8=Q c1=Q 56. Qb8+ Ka4 57. Qb6 Qg5+ 58. Kh7 Qb5 59. Qxb5+
axb5 60. Kxh6 c5 61. Kg6 c4 62. h6 c3 63. h7 c2 64. h8=Q c1=Q 65. Qa8+ Kb4 66.
Qa6 Qc5 67. Qe6 Qc2+ 68. Kg5 Ka3 69. Qa6+ Qa4 70. Qe6 Qc4 71. Qa6+ Kb2 72. Qa5
b4 73. Kh5 Qe2+ 74. Kg6 Qe6+ 75. Kh5 Qh3+ 76. Kg6 Qa3 77. Qd5 Qxa2 78. Qd2+ Ka3
79. Qd6 Qc2+ 80. Kg5 Qc3 81. Kh6 Kb2 82. Qh2+ Kb1 83. Qe2 b3 84. Kh5 Qc5+ 85.
Kg4 Qd4+ 86. Kh5 b2 87. Qe1+ Kc2 88. Qe2+ Kc1 0-1

[Event "LTU B18"]
[Site "Vilnius"]
[Date "2019.02.20"]
[Round "7.2"]
[White "Vardanyan, Aras"]
[Black "Vasiliauskas, Domas"]
[Result "1-0"]
[WhiteElo "1884"]
[BlackElo "1739"]
[PlyCount "47"]
[EventDate "2019.02.15"]

1. d4 Nf6 2. c4 g6 3. Nf3 Bg7 4. Nc3 O-O 5. e4 d6 6. Be2 e5 7. dxe5 dxe5 8.
Qxd8 Rxd8 9. Bg5 Re8 10. Nd5 Nxd5 11. cxd5 f5 12. Rc1 c6 13. Bc4 Kh8 14. O-O b6
15. Be3 b5 16. Bb3 Bb7 17. dxc6 Bxc6 18. Bf7 Rf8 19. Bxg6 Bxe4 20. Nh4 Na6 21.
f3 Bd5 22. Bxf5 Kg8 23. Rfd1 Rfd8 24. Rxd5 1-0

[Event "LTU B18"]
[Site "Vilnius"]
[Date "2019.02.20"]
[Round "7.3"]
[White "Koliasnikovas, Aironas"]
[Black "Mockus, Dziugas"]
[Result "1-0"]
[WhiteElo "1834"]
[BlackElo "1702"]
[PlyCount "61"]
[EventDate "2019.02.15"]

1. d4 d6 2. c4 e5 3. e3 Nc6 4. Nc3 exd4 5. exd4 Nf6 6. Be2 Bf5 7. Nf3 Be7 8. d5
Ne5 9. Nd4 Qd7 10. h3 h5 11. O-O O-O-O 12. f4 Ng6 13. Nxf5 Qxf5 14. Bd3 Qd7 15.
Qc2 Kb8 16. Be3 c6 17. b4 cxd5 18. cxd5 Rc8 19. Qb3 Rxc3 20. Qxc3 Nxd5 21. Qd4
Nxe3 22. Qxe3 Bf6 23. Rad1 Re8 24. Qf3 Bd4+ 25. Kh2 Bb6 26. Qxh5 Nf8 27. Bb5
Qe6 28. Bxe8 Qxe8 29. Rfe1 Qd7 30. Qh8 Qd8 31. Qxg7 1-0

[Event "LTU B18"]
[Site "Vilnius"]
[Date "2019.02.20"]
[Round "7.4"]
[White "Venckevicius, Justas"]
[Black "Vaskevicius, Augustas"]
[Result "0-1"]
[WhiteElo "1608"]
[BlackElo "1935"]
[PlyCount "106"]
[EventDate "2019.02.15"]

1. e4 d6 2. Nc3 g6 3. d4 Bg7 4. Bg5 c5 5. Bb5+ Bd7 6. Bxd7+ Nxd7 7. Nge2 Ngf6
8. O-O O-O 9. Qd2 b5 10. f3 a6 11. Nd1 cxd4 12. Nxd4 Ne5 13. Ne3 Rc8 14. Kh1
Nc4 15. Nxc4 Rxc4 16. c3 b4 17. Ne2 a5 18. Rac1 Qb6 19. Be3 Qb7 20. b3 Rcc8 21.
c4 Nd7 22. Bd4 e5 23. Be3 Rfd8 24. Qd5 Qc7 25. Rfd1 Nc5 26. Qd2 Ne6 27. Qb2 f5
28. Kg1 Qb7 29. Qc2 fxe4 30. Qxe4 Qxe4 31. fxe4 Nc5 32. Bxc5 dxc5 33. Rd5 Bh6
34. Rf1 Rf8 35. Rf3 Rxf3 36. gxf3 Be3+ 37. Kg2 Re8 38. Ng3 a4 39. Nf1 axb3 40.
axb3 Bd4 41. Nd2 Ra8 42. Kf1 Ra2 43. Ke2 Kg7 44. Rd6 Kh6 45. Rd7 Bc3 46. Rd3
Kg5 47. Ke3 Bd4+ 48. Ke2 Kf4 49. Kd1 h5 50. Ke1 Bc3 51. Rd5 Rxd2 52. Rxd2 Bxd2+
53. Kxd2 Kxf3 0-1

[Event "LTU B18"]
[Site "Vilnius"]
[Date "2019.02.20"]
[Round "7.5"]
[White "Sarauskas, Andrius"]
[Black "Kurmis, Ernestas"]
[Result "1/2-1/2"]
[WhiteElo "1747"]
[BlackElo "1508"]
[PlyCount "99"]
[EventDate "2019.02.15"]

1. e4 e5 2. Nf3 Nc6 3. Bb5 a6 4. Ba4 Bc5 5. O-O b5 6. Bb3 Nf6 7. d3 h6 8. Nbd2
O-O 9. c3 d6 10. Re1 Re8 11. Nf1 Bb7 12. a4 Qd7 13. Ng3 Rad8 14. axb5 axb5 15.
d4 exd4 16. cxd4 Bb4 17. Bd2 Bxd2 18. Qxd2 d5 19. e5 Ne4 20. Qf4 Nxg3 21. hxg3
Ra8 22. Bc2 Rxa1 23. Rxa1 Ra8 24. Rxa8+ Bxa8 25. g4 Nd8 26. g5 Ne6 27. Qf5 g6
28. Qh3 h5 29. Kh2 Bb7 30. Nd2 Bc8 31. Qe3 Qe7 32. Nf3 c6 33. Qc3 Bd7 34. Qd2
Ng7 35. b4 Bf5 36. Ne1 Bxc2 37. Nxc2 Ne6 38. f4 Nc7 39. Ne1 Qf8 40. Nd3 Qa8 41.
Nc5 Qa3 42. g3 Na8 43. Nd7 Qa7 44. e6 fxe6 45. Ne5 Qg7 46. Qc2 Kh7 47. Qxc6 Nc7
48. Nd7 Qxd4 49. Nf8+ Kg8 50. Nxg6 1/2-1/2